[Event "Robecchetto op-B 26th"]
[Site "Robecchetto"]
[Date "2015.07.26"]
[Round "4"]
[White "Minore, Antonino"]
[Black "Marchesotti, Giovanni"]
[Result "1/2-1/2"]
[WhiteElo "1283"]
[BlackElo "1556"]
[PlyCount "48"]
[EventDate "2015.07.24"]
[EventType "swiss"]
[EventRounds "5"]
[EventCountry "ITA"]
[SourceTitle "EXT 2023"]
[Source "ChessBase"]
[SourceDate "2022.10.05"]
[SourceVersion "1"]
[SourceVersionDate "2022.10.05"]
[SourceQuality "1"]

1. c4 f5 2. Nc3 Nf6 3. d3 e5 4. Bg5 h6 5. Bxf6 Qxf6 6. e3 Bb4 7. a3 Bxc3+ 8. bxc3 0-0 9. g3 c6 10. Bg2 d6 11. d4 Na6 12. Ne2 Nc7 13. 0-0 g5 14. f4 e4 15. fxg5 hxg5 16. Rf2 Qg6 17. Rb1 Rb8 18. Bh3 Qh6 19. Qf1 g4 20. Bg2 Ne6 21. Nf4 Nxf4 22. Rxf4 Be6 23. Kf2 Rf6 24. a4 Qg7 1/2-1/2

[Event "Robecchetto op-B 26th"]
[Site "Robecchetto"]
[Date "2015.07.24"]
[Round "1"]
[White "Minore, Antonino"]
[Black "Rossi, Emanuele"]
[Result "0-1"]
[WhiteElo "1283"]
[BlackElo "1593"]
[PlyCount "112"]
[EventDate "2015.07.24"]
[EventType "swiss"]
[EventRounds "5"]
[EventCountry "ITA"]
[SourceTitle "EXT 2023"]
[Source "ChessBase"]
[SourceDate "2022.10.05"]
[SourceVersion "1"]
[SourceVersionDate "2022.10.05"]
[SourceQuality "1"]

1. c4 e5 2. e4 Nc6 3. Nc3 Bc5 4. d3 d6 5. Be3 Bxe3 6. fxe3 Nf6 7. g3 0-0 8. Bg2 Bg4 9. Nce2 Qd7 10. h3 Be6 11. Nf3 Rab8 12. b3 b5 13. cxb5 Rxb5 14. 0-0 Rfb8 15. Ng5 Nd8 16. Nxe6 Nxe6 17. Nc3 R5b7 18. Rxf6 gxf6 19. Qg4+ Kh8 20. Nd5 Rg8 21. Qxg8+ Kxg8 22. Nxf6+ Kg7 23. Nxd7 c6 24. Nxe5 dxe5 25. h4 c5 26. Bh3 Nd8 27. Rf1 f6 28. Bf5 Rc7 29. Rc1 Rc6 30. g4 a5 31. a4 h6 32. Rc2 Nb7 33. d4 Rc7 34. d5 Nd6 35. h5 c4 36. bxc4 Rxc4 37. Rxc4 Nxc4 38. Kf2 Kf8 39. Kg3 Ke7 40. Be6 Kd6 41. Kf3 Nb6 42. g5 fxg5 43. Kg4 Nxa4 44. Kf5 Nc5 45. Kg6 Nxe6 46. dxe6 Kxe6 47. Kxh6 Kf6 48. Kh7 Kf7 49. h6 g4 50. Kh8 g3 51. h7 Ke6 52. Kg8 g2 53. h8Q g1Q+ 54. Kh7 Qh1+ 55. Kg8 Qxh8+ 56. Kxh8 a4 0-1

[Event "Robecchetto op-C 25th"]
[Site "Robecchetto"]
[Date "2014.12.28"]
[Round "4"]
[White "Ossoli, Giuseppe"]
[Black "Minore, Antonino"]
[Result "0-1"]
[WhiteElo "1541"]
[BlackElo "1291"]
[PlyCount "78"]
[EventDate "2014.12.26"]
[EventType "swiss"]
[EventRounds "6"]
[EventCountry "ITA"]
[SourceTitle "EXT 2024"]
[Source "ChessBase"]
[SourceDate "2023.10.10"]
[SourceVersion "1"]
[SourceVersionDate "2023.10.10"]
[SourceQuality "1"]

1. e4 c5 2. d3 e6 3. Nc3 a6 4. g3 Nc6 5. Bg2 Be7 6. f4 Nf6 7. Nf3 0-0 8. 0-0 b5 9. b3 Bb7 10. e5 Nd5 11. Nxd5 exd5 12. Bd2 f6 13. Re1 f5 14. c3 a5 15. d4 c4 16. Qc2 Qe8 17. Re2 Nd8 18. Rae1 Ne6 19. a3 b4 20. a4 Ba6 21. Re3 Ra7 22. cxb4 axb4 23. bxc4 Bxc4 24. Kh1 Qa8 25. Bh3 g6 26. Bf1 b3 27. Qb2 Rxa4 28. Bxc4 dxc4 29. d5 Qxd5 30. Bc3 Bc5 31. Kg2 Ra2 32. R1e2 Rxb2 33. Rxb2 Ra8 34. Rd2 Ra2 35. Ree2 Rxd2 36. Rxd2 Bd4 37. Bxd4 Nxd4 38. Rxd4 Qxd4 39. Nxd4 b2 0-1

[Event "Robecchetto op-C 24th"]
[Site "Robecchetto"]
[Date "2013.12.28"]
[Round "3"]
[White "Corbelli, Daniele"]
[Black "Minore, Antonino"]
[Result "0-1"]
[WhiteElo "1467"]
[BlackElo "1275"]
[PlyCount "50"]
[EventDate "2013.12.27"]
[EventType "swiss"]
[EventRounds "6"]
[EventCountry "ITA"]
[SourceTitle "EXT 2023"]
[Source "ChessBase"]
[SourceDate "2022.10.05"]
[SourceVersion "1"]
[SourceVersionDate "2022.10.05"]
[SourceQuality "1"]

1. e4 c6 2. d4 d5 3. Nc3 f5 4. exd5 cxd5 5. Nf3 g6 6. Bf4 a6 7. Qe2 Nc6 8. 0-0-0 Bg7 9. Be5 Nxe5 10. Nxe5 Nf6 11. f3 0-0 12. g3 Bd7 13. h4 h5 14. Bh3 Be8 15. g4 fxg4 16. fxg4 hxg4 17. Nxg4 Rc8 18. Nxf6+ exf6 19. Bxc8 Qxc8 20. Nxd5 Qd8 21. c4 b5 22. Qe6+ Rf7 23. Qxa6 bxc4 24. Qxc4 Kh7 25. Nf4 Rc7 0-1

[Event "Robecchetto op-C 24th"]
[Site "Robecchetto"]
[Date "2013.12.28"]
[Round "2"]
[White "Minore, Antonino"]
[Black "Pivari, Flavio"]
[Result "1/2-1/2"]
[WhiteElo "1275"]
[BlackElo "1464"]
[PlyCount "75"]
[EventDate "2013.12.27"]
[EventType "swiss"]
[EventRounds "6"]
[EventCountry "ITA"]
[SourceTitle "EXT 2023"]
[Source "ChessBase"]
[SourceDate "2022.10.05"]
[SourceVersion "1"]
[SourceVersionDate "2022.10.05"]
[SourceQuality "1"]

1. d4 Nf6 2. c4 g6 3. g3 Bg7 4. Nf3 d6 5. Bg2 0-0 6. Nc3 c6 7. 0-0 h6 8. Nd2 Nbd7 9. e4 e5 10. d5 cxd5 11. Nxd5 Nxd5 12. exd5 a5 13. Ne4 Qc7 14. b3 Nc5 15. Be3 f5 16. Nc3 Bd7 17. Qd2 e4 18. Bxc5 Qxc5 19. Rac1 Rfe8 20. Rfe1 Re5 21. Re3 Rae8 22. Ne2 R5e7 23. Nf4 Kh7 24. h4 Bd4 25. h5 gxh5 26. Nxh5 Rf7 27. Re2 e3 28. fxe3 Rxe3 29. Kh2 Rxe2 30. Qxe2 Be3 31. Rd1 Re7 32. Kh1 Re4 33. Rd3 Kg6 34. Bf3 Kg5 35. Qh2 Kg6 36. Qg2 Bg5 37. Nf4+ Kf6 38. Nh5+ 1/2-1/2

[Event "Robecchetto Autunn op 10th"]
[Site "Robecchetto"]
[Date "2013.11.07"]
[Round "5"]
[White "Minore, Antonino"]
[Black "Loaldi, Davide"]
[Result "0-1"]
[WhiteElo "1262"]
[BlackElo "1572"]
[PlyCount "124"]
[EventDate "2013.10.03"]
[EventType "swiss"]
[EventRounds "7"]
[EventCountry "ITA"]
[SourceTitle "EXT 2015"]
[Source "ChessBase"]
[SourceDate "2014.11.20"]
[SourceVersion "1"]
[SourceVersionDate "2014.11.20"]
[SourceQuality "1"]

1. d4 d5 2. c4 Nf6 3. Nc3 e6 4. g3 Be7 5. Bg2 dxc4 6. Nf3 c6 7. Nd2 Qxd4 8. 0-0 0-0 9. Qc2 Nd5 10. Nxd5 exd5 11. Nf3 Qe4 12. Qd2 Bg4 13. h3 Bxf3 14. Bxf3 Qe5 15. Bg2 Bc5 16. e3 Nd7 17. Qe2 Rfe8 18. Bd2 d4 19. Qxc4 dxe3 20. fxe3 Bxe3+ 21. Bxe3 Qxe3+ 22. Kh2 Qe6 23. Qf4 Nf6 24. Rae1 Qxa2 25. Rxe8+ Rxe8 26. Qb4 Qa6 27. Qd6 Qb6 28. Rxf6 gxf6 29. Qxf6 Re6 30. Qg5+ Rg6 31. Qe5 Qd8 32. h4 Re6 33. Qf5 Qf6 34. Qg4+ Qg6 35. Qd1 Re3 36. Qd8+ Kg7 37. Qd4+ Qf6 38. Qxe3 Qxb2 39. Kh3 a6 40. h5 h6 41. g4 Qb5 42. Kh4 a5 43. Be4 a4 44. Bf5 Qb2 45. g5 Qb4+ 46. Kh3 Qb3 47. Qxb3 axb3 48. gxh6+ Kxh6 49. Kh4 c5 50. Bd3 b2 51. Kg3 c4 52. Bc2 b5 53. Kf2 b4 54. Ke1 b3 55. Bb1 c3 56. Kd1 Kxh5 57. Bc2 bxc2+ 58. Kxc2 Kg5 59. Kb1 Kf4 60. Kc2 Ke3 61. Kb1 Kd2 62. Ka2 Kc1 0-1

[Event "Robecchetto Autunn op 10th"]
[Site "Robecchetto"]
[Date "2013.10.17"]
[Round "3"]
[White "Minore, Antonino"]
[Black "Rosescu, Liviu"]
[Result "0-1"]
[WhiteElo "1262"]
[BlackElo "1713"]
[PlyCount "80"]
[EventDate "2013.10.03"]
[EventType "swiss"]
[EventRounds "7"]
[EventCountry "ITA"]
[SourceTitle "EXT 2015"]
[Source "ChessBase"]
[SourceDate "2014.11.20"]
[SourceVersion "1"]
[SourceVersionDate "2014.11.20"]
[SourceQuality "1"]

1. d4 g6 2. c4 Bg7 3. Nf3 d6 4. Nc3 c5 5. d5 Bg4 6. e4 Nd7 7. Be2 Bxf3 8. Bxf3 Ngf6 9. 0-0 h5 10. h3 Nb6 11. Bg5 Nfd7 12. Be2 a6 13. f4 Bd4+ 14. Kh2 Nf6 15. Bxf6 Bxf6 16. Bd3 Qd7 17. Bc2 0-0-0 18. Na4 Qc7 19. Rb1 Nxc4 20. Qd3 b5 21. b3 Na3 22. Rbe1 Nxc2 23. Qxc2 bxa4 24. b4 cxb4 25. Qxa4 Qb6 26. a3 Qb5 27. Rc1+ Kd7 28. Qc2 Rc8 29. Qf2 Rxc1 30. Qa7+ Rc7 31. Qf2 bxa3 32. f5 Be5+ 33. Kh1 g5 34. Rd1 f6 35. Qd2 Rhc8 36. Qe3 a2 37. h4 Qb1 38. g3 Qxd1+ 39. Kh2 Rc2+ 40. Qf2 Rxf2+ 0-1

[Event "Robecchetto op "]
[Site "Robecchetto"]
[Date "2012.12.13"]
[Round "2"]
[White "Redamante, Marzio"]
[Black "Minore, Antonino"]
[Result "1-0"]
[WhiteElo "1497"]
[BlackElo "1295"]
[PlyCount "129"]
[EventDate "2012.12.06"]
[EventType "swiss"]
[EventRounds "6"]
[EventCountry "ITA"]
[SourceTitle "EXT 2024"]
[Source "ChessBase"]
[SourceDate "2023.10.10"]
[SourceVersion "1"]
[SourceVersionDate "2023.10.10"]
[SourceQuality "1"]

1. c4 Nf6 2. Nc3 g6 3. g3 Bg7 4. d3 0-0 5. Bg2 c6 6. Nf3 d6 7. Bg5 Nbd7 8. 0-0 h6 9. Bd2 e5 10. Qc2 Nh7 11. Ne4 Qc7 12. Bb4 c5 13. Bd2 f5 14. Nc3 Nhf6 15. Nh4 Kh7 16. Nb5 Qb8 17. Ba5 Ne8 18. Rab1 a6 19. Na3 Ra7 20. Bd2 b6 21. Qa4 Ndf6 22. b4 Bb7 23. bxc5 Bxg2 24. cxb6 Bxf1 25. bxa7 Qxa7 26. Rxf1 Ng4 27. h3 Ngf6 28. Be3 Qb7 29. Rb1 Qc8 30. Rb6 f4 31. gxf4 Qxh3 32. Ng2 Ng4 33. f3 Qh2+ 34. Kf1 exf4 35. Bg1 Qg3 36. Nc2 Nh2+ 37. Bxh2 Qxh2 38. Qd7 Nf6 39. Qxd6 Qh1+ 40. Kf2 Qc1 41. Nd4 Qa1 42. Ne6 Rg8 43. Nxg7 Kxg7 44. Qe7+ Kh8 45. Qxf6+ Qxf6 46. Rxf6 a5 47. Ra6 g5 48. Rxh6+ Kg7 49. Ra6 Rb8 50. Rxa5 Kg6 51. c5 Rc8 52. d4 Kh5 53. d5 g4 54. fxg4+ Kxg4 55. d6 Rf8 56. Ra4 Kg5 57. Rxf4 Ra8 58. d7 Rd8 59. c6 Kg6 60. c7 Rf8 61. Rxf8 Kg7 62. d8Q Kh7 63. Qh4+ Kg7 64. Qf6+ Kh7 65. Rh8# 1-0

[Event "Robecchetto Autumn op 9th"]
[Site "Robecchetto"]
[Date "2012.10.25"]
[Round "4"]
[White "Marchesotti, Giovanni"]
[Black "Minore, Antonino"]
[Result "1-0"]
[WhiteElo "1555"]
[BlackElo "1295"]
[PlyCount "67"]
[EventDate "2012.10.04"]
[EventType "swiss"]
[EventRounds "7"]
[EventCountry "ITA"]
[SourceTitle "EXT 2024"]
[Source "ChessBase"]
[SourceDate "2023.10.10"]
[SourceVersion "1"]
[SourceVersionDate "2023.10.10"]
[SourceQuality "1"]

1. Nf3 d6 2. c4 Bg4 3. e3 Bxf3 4. Qxf3 Nc6 5. d4 Nf6 6. Nc3 e5 7. d5 Nb4 8. Qd1 Be7 9. Qa4+ Nc6 10. dxc6 bxc6 11. Qxc6+ Nd7 12. Nd5 Rc8 13. Nxe7 Qxe7 14. Be2 0-0 15. 0-0 Nc5 16. Bd2 f5 17. Bb4 Ne4 18. Bd3 Ng5 19. Bd2 Rf6 20. Rae1 Rg6 21. Bxf5 Rh6 22. Bxc8 Qf7 23. Qd5 Qxd5 24. cxd5 Ne4 25. Ba5 g5 26. Rc1 Kg7 27. Rxc7+ Kf6 28. Rc4 Rh4 29. f3 Nc5 30. Rxh4 gxh4 31. Rc1 Nd3 32. Rc2 Ke7 33. Ba6 Kf7 34. Bxd3 1-0

[Event "Robecchetto Spring op 9th"]
[Site "Robecchetto"]
[Date "2012.05.17"]
[Round "6"]
[White "Santarelli, Sabatino"]
[Black "Minore, Antonino"]
[Result "1-0"]
[WhiteElo "1614"]
[BlackElo "1335"]
[PlyCount "153"]
[EventDate "2012.04.12"]
[EventType "swiss"]
[EventRounds "7"]
[EventCountry "ITA"]
[SourceTitle "EXT 2024"]
[Source "ChessBase"]
[SourceDate "2023.10.10"]
[SourceVersion "1"]
[SourceVersionDate "2023.10.10"]
[SourceQuality "1"]

1. e4 c5 2. b3 e5 3. Nf3 Nc6 4. Bb2 f6 5. Nc3 Nge7 6. Nb5 d5 7. exd5 Nxd5 8. Nc3 Nxc3 9. Bxc3 Bg4 10. Be2 Bxf3 11. Bxf3 Qd6 12. Bh5+ g6 13. Bf3 b6 14. 0-0 Rd8 15. g3 h5 16. Bg2 h4 17. Qf3 Ne7 18. d3 hxg3 19. fxg3 Kf7 20. Rae1 Rh5 21. Qe4 Bg7 22. Bf3 Rh7 23. Re2 Rdh8 24. Qb7 a5 25. Bh1 Rh5 26. a4 f5 27. Bf3 R5h6 28. Bd2 R6h7 29. Be4 Ke6 30. Bf3 Bf6 31. Qa6 g5 32. Qc4+ Nd5 33. Bxd5+ Qxd5 34. Qxd5+ Kxd5 35. Rxf5 Ke6 36. Ref2 Rh6 37. Bxg5 Bxg5 38. Rxg5 Kd5 39. Re2 Re6 40. Re4 Rf8 41. Kg2 Kd6 42. h4 Rb8 43. Rf5 b5 44. g4 bxa4 45. Rxa4 Ra8 46. g5 Ke7 47. h5 Rf8 48. Rxf8 Kxf8 49. Rxa5 e4 50. dxe4 Rxe4 51. Rxc5 Re2+ 52. Kf3 Re7 53. Rf5+ Kg8 54. h6 Kh7 55. c4 Rd7 56. Rd5 Rf7+ 57. Kg4 Re7 58. Kf5 Rf7+ 59. Ke4 Re7+ 60. Kd4 Rb7 61. Kc3 Re7 62. b4 Re3+ 63. Kd4 Re7 64. b5 Re1 65. b6 Rb1 66. c5 Rd1+ 67. Ke5 Re1+ 68. Kf6 Re8 69. Rd7+ Kh8 70. g6 Rf8+ 71. Rf7 Rc8 72. Rc7 Rf8+ 73. Ke6 Re8+ 74. Kd7 Rg8 75. b7 Rb8 76. Rc8+ Rxc8 77. bxc8Q# 1-0

[Event "Robecchetto Spring op 9th"]
[Site "Robecchetto"]
[Date "2012.04.26"]
[Round "3"]
[White "Minore, Antonino"]
[Black "Libutti, Michele"]
[Result "0-1"]
[WhiteElo "1335"]
[BlackElo "1752"]
[PlyCount "94"]
[EventDate "2012.04.12"]
[EventType "swiss"]
[EventRounds "7"]
[EventCountry "ITA"]
[SourceTitle "EXT 2024"]
[Source "ChessBase"]
[SourceDate "2023.10.10"]
[SourceVersion "1"]
[SourceVersionDate "2023.10.10"]
[SourceQuality "1"]

1. c4 Nf6 2. Nc3 c6 3. d4 d5 4. e3 e6 5. Bd2 Nbd7 6. Qc2 Be7 7. 0-0-0 0-0 8. f3 dxc4 9. Bxc4 Nb6 10. Be2 Nbd5 11. Bd3 Nb4 12. Qb1 Bd7 13. Nge2 b5 14. Ne4 Nxd3+ 15. Qxd3 Nd5 16. N4c3 Qb6 17. Nxd5 cxd5 18. Kb1 b4 19. b3 Bb5 20. Qc2 Bxe2 21. Rc1 Ba6 22. Kb2 Rfc8 23. Qb1 Qb5 24. Ka1 Qd3 25. Qb2 Rxc1+ 26. Rxc1 Rc8 27. Rxc8+ Bxc8 28. f4 Ba6 29. g4 Qf1+ 30. Bc1 Bd3 31. Qd2 f6 32. h4 Bd6 33. h5 e5 34. a4 bxa3 35. Ka2 Qe2 36. Qxe2 Bxe2 37. Bxa3 Bxa3 38. Kxa3 exf4 39. exf4 Bxg4 40. Kb4 Bxh5 41. Kc5 Bf3 42. b4 h5 43. Kb5 h4 44. Ka6 h3 45. b5 Be2 46. Ka5 h2 47. b6 axb6+ 0-1

[Event "Robecchetto Spring op 9th"]
[Site "Robecchetto"]
[Date "2012.04.19"]
[Round "2"]
[White "Trenti, Alessandro"]
[Black "Minore, Antonino"]
[Result "1-0"]
[WhiteElo "1780"]
[BlackElo "1335"]
[PlyCount "81"]
[EventDate "2012.04.12"]
[EventType "swiss"]
[EventRounds "7"]
[EventCountry "ITA"]
[SourceTitle "EXT 2024"]
[Source "ChessBase"]
[SourceDate "2023.10.10"]
[SourceVersion "1"]
[SourceVersionDate "2023.10.10"]
[SourceQuality "1"]

1. e4 e6 2. d4 d5 3. e5 c5 4. c3 Nc6 5. Nf3 Be7 6. Be3 c4 7. b3 b5 8. a4 b4 9. bxc4 Ba6 10. c5 Bxf1 11. Kxf1 a5 12. Bd2 Rb8 13. cxb4 axb4 14. a5 Nxa5 15. Qa4+ Kf8 16. Qxa5 Qxa5 17. Rxa5 Bd8 18. Ra4 b3 19. Rb4 Rxb4 20. Bxb4 b2 21. Bc3 Ne7 22. Bxb2 h6 23. Ke2 g5 24. Rc1 Nc6 25. Na3 f5 26. Nb5 g4 27. Nd2 Bg5 28. Ra1 Ke7 29. Na7 Nd8 30. c6 Nxc6 31. Nxc6+ Kf7 32. Ra7+ Kg6 33. Ba3 Kh5 34. Be7 Bxe7 35. Rxe7 f4 36. Rxe6 Rf8 37. Nb4 Rc8 38. Nxd5 Kg5 39. Rf6 Rd8 40. Ne4+ Kh5 41. Nxf4+ 1-0